header

Gender equality and United Nations peace operations in Timor Leste (Record no. 42225)

MARC details
000 -LEADER
fixed length control field 01526nam a2200373 a 4500
082 04 - DEWEY DECIMAL CLASSIFICATION NUMBER
Classification number 341.5/84
100 1# - MAIN ENTRY--AUTHOR NAME
Personal name Olsson, Louise,
245 10 - TITLE STATEMENT
Title Gender equality and United Nations peace operations in Timor Leste
260 ## - PUBLICATION, DISTRIBUTION, ETC. (IMPRINT)
Place of publication Leiden ;
-- Boston :
Name of publisher Martinus Nijhoff Publishers,
Year of publication 2009.
300 ## - PHYSICAL DESCRIPTION
Number of Pages xvi, 208 p. :
Other physical details ill.
490 1# - SERIES STATEMENT
Series statement International peacekeeping ;
650 #0 - SUBJECT ADDED ENTRY--TOPICAL TERM
Topical Term Women and peace.
Topical Term Peace-building
856 40 - ELECTRONIC LOCATION AND ACCESS
Uniform Resource Identifier http://site.ebrary.com/lib/rucke/Doc?id=10349092

No items available.

© 2026 Rongo University
Contact us: librarian | system librarian | Rongo university